Knacks & Co. : Mitmachlieder /

Hlavní autor: Metcalf, Rob
Další autoři: Raschke, Guido, Sajok, Dieter, Matzeit, Friedmann, Breitkreuz, Falk
Jazyk: Němčina
Vydáno: München : Goethe-Institut, [2012]
Témata:
Fyzický popis: 1 CD audio ; 12 cm
Zvukové nahrávky
Uloženo v:
LEADER 01678njm a2200481 i 4500
001 001545698
003 CZ BrMZK
005 20161111095915.0
007 sd fungnnmmned
008 161003t20122012gw ||||b d n ger
040 |a BOA001  |b cze  |e rda 
072 7 |a 811.112.2  |x Němčina  |2 Konspekt  |9 11 
072 7 |a 0/9-053.2  |x Literatura pro děti a mládež (naučná)  |2 Konspekt  |9 26 
080 |a 811.112.2  |2 MRF 
080 |a (0:82-14)  |2 MRF 
080 |a (0.053.2)  |2 MRF 
080 |a (086.76)  |2 MRF 
100 1 |a Metcalf, Rob  |7 pna2010600126 
245 0 0 |a Knacks & Co. :  |b Mitmachlieder /  |c von Robert Metcalf 
264 1 |a München :  |b Goethe-Institut,  |c [2012] 
264 4 |c ©2012 
300 |a 1 CD audio ;  |c 12 cm 
336 |a hraná hudba  |b prm  |2 rdacontent 
337 |a audio  |b s  |2 rdamedia 
338 |a audiodisk  |b sd  |2 rdacarrier 
344 |a digital  |b optical  |g stereo  |2 rda 
347 |a audio soubor  |b CD audio  |2 rda 
500 |a Název z disku 
500 |a V poudře texty písní 
505 0 0 |t Knacks, der Waschbär  |t Erdmännchen --  |t Siebenschläfer 
511 1 |a Guido Raschke, Dieter Sajok, Friedmann Matzeit, Falk Breitkreuz 
650 0 7 |a němčina  |7 ph115512  |2 czenas 
655 7 |a písně  |7 fd133162  |2 czenas 
655 7 |a publikace pro děti  |7 fd133156  |2 czenas 
655 7 |a kompaktní disky  |7 fd201991  |2 czenas 
700 1 |a Raschke, Guido  |4 itr 
700 1 |a Sajok, Dieter  |4 itr 
700 1 |a Matzeit, Friedmann  |4 itr 
700 1 |a Breitkreuz, Falk  |4 itr 
910 |a BOA001  |b NK-CDR-0007.436 
990 |a AV 
991 |x 44 
996 7 |b 261D009853  |c NK-CDR-0007.436  |l Německá knihovna/2.patro  |r ZHR  |n 8  |p dar  |h D-fd  |w 001580895  |u 000010  |a 0  |e BOA001  |j MZK50  |s A